00801 a2200217 4500008004100000010003500041020002300076035001300099035001700112037001600129037002400145040001700169082001200186100001900198245008300217260004900300270015900349300002700508500002100535700002700556090226t xxu||||| |||| 00| 0 eng d aENG-89646 B-340485-508 c895.00a8187471409 aEN-72179 aB-340485-508 bDBAD / PUB bStandard Publishers adplbEnglish a181.432 aKamakhya Kumar aSuper science of yoga/cby Kamakhya Kumar; foreworded by Ishwar V. Basavaraddi aNew DelhibStandard Publishers (India)c2008 a225, Gupta Place, A-2/42 Rajouri Garden, Main Road, (Near Metro Station),bNew Delhie110 027cDelhik25415043, 25435043l25374397msrallbooks3@bol.net.in axix, 327p.c23cm. (Hb) aIncludes index. aBasavaraddi, Ishwar V.